Riconosci il Pokémon - Quiz n°424 - Statistics

Statistiche generali
  • Questo quiz è stato fatto 0 volte
  • Il punteggio medio è 0 su 10
Statistiche sulle risposte
Indizio Risposta % Corretto
Altezza 0,2 m
0%
Peso 0,6 kg
0%
Tasso di cattura 120 (24.9%)
0%
Sesso 50% ♂, 50% ♀
0%
Pokémon Chingling
0%
Stadio evoluzione Forma Baby
0%
Abilità Levitazione
0%
Tipo Psico
0%
Generazione Quarta
0%
Tasso di allevamento Veloce
0%
Nessun quiz corrispondente trovato
Distribuzione punteggi
Percentuale di utenti per punteggio
Percentile per numero di risposta
I tuoi punteggi nel tempo
Non hai fatto questo quiz